Archaeological theory in the new millennium : introducing current perspectives

Provides an accessible account of the changing world of archaeological theory. It charts the emergence of the new emphasis on relations as well as engaging with current theoretical trends and the thinkers archaeologists regularly employ. This book will be an essential guide to cutting-edge theory fo...

Full description

Bibliographic Details
Main Author: Harris, Oliver J.T
Other Authors: Cipolla, Craig N., 1978- (autor)
Format: Libro
Language:English
Subjects:
Online Access:

MARC

LEADER 00000nam a22000007a 4500
003 UAHC
005 20251017165206.0
008 251017s2017 -us|||| |||| 00| 0 eng d
020 |a 9781138888715 
040 |a UAHC  |c UAHC 
082 |a 930.1  |b H313 
100 |a Harris, Oliver J.T.  |9 22371 
245 1 0 |a Archaeological theory in the new millennium :   |b introducing current perspectives  |c Oliver J.T. Harris, Craig N. Cipolla. 
264 |a London ;  |a New York :   |b Routledge, Taylor & Francis Group,  |c 2017. 
300 |a 238 páginas. 
520 |a Provides an accessible account of the changing world of archaeological theory. It charts the emergence of the new emphasis on relations as well as engaging with current theoretical trends and the thinkers archaeologists regularly employ. This book will be an essential guide to cutting-edge theory for students and for professionals wishing to reacquaint themselves with this field. Oliver J.T. Harris is lecturer in archaeology in the School of Archaeology & Ancient History, University of Leicester. Craig N. Cipolla is lecturer in historical archaeology in the School of Archaeology & Ancient History, University of Leicester. 
650 0 |a Filosofía de la arqueología  |9 22373 
650 0 |a Arqueología  |x Aspectos sociales  |9 22374 
650 0 |a Cambio social  |9 236 
700 |a Cipolla, Craig N.,  |d 1978-  |9 22372  |e autor 
900 |a 930.1 HAR 
942 |2 ddc  |c BK 
952 |0 0  |1 0  |2 ddc  |4 0  |6 930_100000000000000_HAR  |7 0  |8 COMP  |9 101389  |a BC  |b BC  |c General  |d 2025-10-17  |e Compra  |g 54800.00  |l 0  |o 930.1 HAR  |p 1472491  |r 2026-01-13 00:00:00  |t 1  |w 2025-10-17  |x OC: 2337 / Factura Liberalia Nº103529  |y BK  |B ARQU 
999 |c 63100  |d 63100